Computer Applications in Stratigraphic Analysis /

Gespeichert in:
Bibliographische Detailangaben
Hauptverfasser: Harbaugh, John W (Verfasst von), Merriam, Daniel F (Verfasst von)
Format: Buch
Sprache:Englisch
Veröffentlicht: New York : John Wiley & Sons, 1968
Tags: Tag hinzufügen
Keine Tags, Fügen Sie das erste Tag hinzu!

MARC

LEADER 00000nam a22000003a 4500
001 stu36740
005 20190206124454.4
008 920618s1968----xxu-----------------eng-d
040 |a STU  |b slo 
041 0 |a eng 
044 |a xxu 
100 1 |a Harbaugh, John W  |4 aut 
245 1 |a Computer Applications in Stratigraphic Analysis /  |c [aut.]John W. Harbaugh, Daniel F. Merriam 
260 |a New York :  |b John Wiley & Sons,  |c 1968 
300 |a 282 s 
700 1 |a Merriam, Daniel F  |4 aut 
996 |b 284M003606  |c M*4201-1  |l MMKN  |s A  |a 24  |w stu36740_0001